000 02843nam0a2200445 4500
001 RU\NLR\bibl\1859222
005 20260408062717.0
010 _a978-5-94051-079-6
_9400
021 _aRU
_b2011-103458
_97399
035 _a(nilc)RSL-KNO-005368542
035 _a(NLR Aleph) 001849134
090 _a2377469
_c2377469
100 _a20120110d2011 |||y0rusy50 ca
101 0 _arus
102 _aRU
105 _aa |||||||||
200 1 _aДиагностика в медицинской психологии: традиции и перспективы
_eк 100-летию Сусанны Яковлевны Рубинштейн
_e[сборник к Всероссийской юбилейной научно-практической конференции "Экспериментальные методики патопсихологии и опыт их применения", 23 сентября 2011 г. в ГОУ ВПО "Московский городской психолого-педагогический университет"
_fредкол.: Зверева Н. В. (отв. ред.) и др.]
210 _aМосква
_c[б.и.]
_d2011
215 _a269 с.
_cил., портр., табл.
_d21
300 _aВ надзаг.: Московский гор. психолого-пед. ун-т, Науч. центр психического здоровья РАМН, Московский НИИ психиатрии
320 _aБиблиогр. в конце ст.
606 1 _aПсихические болезни
_jСъезды, совещания и т.п.
_xПсихологические исследования
_92005699
_3RU\NLR\auth\66921953
606 1 _aПсихически больные
_xПсиходиагностика
_92531175
_3RU\NLR\AUTH\661499252
686 _aР343.5я431(2)
_2rubbk
686 _aЮ948с.я431(2)
_2rubbk
686 _aР64-435я431(2)
686 1 _aЮ948.4в6
702 1 _aРубинштейн
_bС. Я.
_f1911-2011
_gСусанна Яковлевна
_4570
702 1 _aЗверева
_bН. В.
_gНаталья Владимировна
_4340
711 1 2 _a"Экспериментальные методики патопсихологии и опыт их применения", всероссийская юбилейная научно-практическая конференция
_f2011
_eМосква
_3RU\NLR\AUTH\8810207799
_9302811
712 0 2 _4570
_aМосковский городской психолого-педагогический университет
_3RU\NLR\AUTH\8810058337
_9617796
801 0 _aRU
_bRuMoRKP
_c20120110
_grcr
801 1 _aRU
_bРГБ
_c20120110
801 2 _aRU
_bNLR
_c20120123
_grcr
830 _aавт. по кн. и базе
942 _cBOOK
980 _aNB
980 _aNBR